Arbitrary and Difficult Georgraphy Multiple Choice - Statistics

General Stats
  • This quiz has been taken 19 times
  • The average score is 4 of 10
Answer Stats
Question Answer % Correct
Which is the only Ocean that France does not have territory in? Arctic
75%
Which of these countries / territories is situated the most north? North Korea (DPRK)
64%
Which of these is at the highest elevation? La Paz, Bolivia
63%
Which of these does the Equator not pass through? Equatorial Guinea
62%
Which of these towns/cities is furthest from Oslo, Norway? Vardø, Norway
58%
Which is the only Continent that does not have a statue/monument to Vladimir Lenin? Oceania
54%
Which of these countries has the most official languages (at National level)? Bolivia
27%
Russia’s largest Federal District (The Far Eastern Federal District) is larger than how many of the 193 UN sovereign states? 187
25%
What is the fewest number of countries required to pass through to travel from the most northern (Ras ben Sakka, Tunisia) to the most southern (Cape Agulhas, South Africa) point of mainland Africa? 8
25%
Which of these has the largest surface area? Western Australia, Australia
25%
Which country has the southernmost northernmost point? Uruguay
20%
Which of these territories/regions has the highest population density? Siberian Federal District, Russia
18%
Which of these country/kingdom pairs share a land border? France & Netherlands
17%
If you wanted to buy something when visiting the ‘Monument to Coal’ in the mining town of Barentsburg (Баренцбург), what currency would you have to use? Norwegian Krone
17%
Which country is furthest from any other country/territory? (inhabited/uninhabited land does not change the answer) Cape Verde
11%
Which city in the Americas is furthest East? Lima, Peru
10%
Which London has the lowest population? London, (Lake County, Minnesota,) USA
8%
No matching quizzes found
Score Distribution
Percent of People with Each Score
Percentile by Number Answered
Your Score History
You have not taken this quiz